|
|
|
|
| LEADER |
01435nam a2200361Ia 4500 |
| 001 |
EBC501445 |
| 003 |
MiAaPQ |
| 005 |
20200520144314.0 |
| 006 |
m o d | |
| 007 |
cr cn||||||||| |
| 008 |
090925s2009 ne a sb 001 0 eng d |
| 020 |
|
|
|z 9781607500353
|
| 020 |
|
|
|z 1607500353
|
| 035 |
|
|
|a (MiAaPQ)EBC501445
|
| 035 |
|
|
|a (Au-PeEL)EBL501445
|
| 035 |
|
|
|a (CaPaEBR)ebr10375718
|
| 035 |
|
|
|a (CaONFJC)MIL260088
|
| 035 |
|
|
|a (OCoLC)591162373
|
| 040 |
|
|
|a MiAaPQ
|c MiAaPQ
|d MiAaPQ
|
| 050 |
|
4 |
|a HD7288.85.E85
|b B75 2009
|
| 245 |
0 |
0 |
|a Bridging the gap between social and market rented housing in six European countries?
|h [electronic resource] /
|c Marietta Haffner ... [et al.].
|
| 260 |
|
|
|a Amsterdam :
|b IOS Press,
|c c2009.
|
| 300 |
|
|
|a 306 p. :
|b ill.
|
| 490 |
1 |
|
|a Housing and urban policy studies,
|x 0926-6240 ;
|v 33
|
| 504 |
|
|
|a Includes bibliographical references (p. 279-301) and index.
|
| 533 |
|
|
|a Electronic reproduction. Ann Arbor, MI : ProQuest, 2015. Available via World Wide Web. Access may be limited to ProQuest affiliated libraries.
|
| 650 |
|
0 |
|a Rental housing
|z Europe.
|
| 650 |
|
0 |
|a Public housing
|x Government policy
|z Europe.
|
| 655 |
|
4 |
|a Electronic books.
|
| 700 |
1 |
|
|a Haffner, M. E. A.
|q (Marietta E. A.)
|
| 710 |
2 |
|
|a ProQuest (Firm)
|
| 830 |
|
0 |
|a Housing and urban policy studies ;
|v 33.
|
| 856 |
4 |
0 |
|u https://ebookcentral.proquest.com/lib/matrademy/detail.action?docID=501445
|z Click to View
|